|
|
|
|
| LEADER |
00000nam a22000001i 4500 |
| 001 |
vtls009791672 |
| 003 |
SK-MaSNL |
| 005 |
20260302010348.0 |
| 008 |
240318s1965 xr r 000 cze |
| 020 |
|
|
|c 10,-Kčs
|
| 035 |
|
|
|a (SVKBBclas03)vtls000164823
|
| 040 |
|
|
|a SNK
|b slo
|c SNK
|e AACR2
|
| 041 |
0 |
|
|a cze
|
| 044 |
|
|
|a xr
|c CZ
|
| 080 |
|
|
|a 026.062
|2 1981
|
| 100 |
1 |
|
|a Keller, Jindřich,
|d 1939-1981
|4 aut
|9 649101
|
| 245 |
1 |
0 |
|a Evidence gramofonových desek
|b náčrt problematiky a pravidla katalogizace
|c Jindřich Keller
|
| 260 |
|
|
|a Praha
|b Státní hudební vydavatelství
|c 1965
|
| 300 |
|
|
|a 53 s. \ bLit.
|c 18 cm
|
| 366 |
|
|
|e 2000 výtisků
|
| 650 |
0 |
7 |
|a knižnice
|2 hŠVKBB
|9 17965
|
| 650 |
0 |
7 |
|a gramofónové platne
|2 hŠVKBB
|9 87790
|
| 650 |
0 |
7 |
|a knižničné zbierky
|2 SNK
|9 91209
|
| 650 |
0 |
7 |
|a katalogizácia
|2 SNK
|9 22191
|
| 852 |
|
|
|a Slovenská národná knižnica v Martine
|h ID 41427
|
| 958 |
|
|
|a OND
|
| 999 |
|
|
|c 1002821
|d 1004751
|
| 952 |
|
|
|a SNK
|b SNK
|y VYP
|7 0
|p 17A1315324
|o snkID 41427
|i snkKIP 3807/66
|0 0
|1 0
|4 0
|d 2019-11-27
|l 0
|r 2026-02-24 12:25:57
|w 2026-02-24
|